| 000 | 00910nam a2200253Ia 4500 | ||
|---|---|---|---|
| 003 | OSt | ||
| 005 | 20221005111858.0 | ||
| 006 | a|||||r|||| 00| 0 | ||
| 007 | ta | ||
| 008 | 221004b |||||||| |||| 00| 0 hin d | ||
| 024 | _a1792 | ||
| 037 | _cTextual | ||
| 040 |
_aCRL _cCRL _bhin |
||
| 041 |
_2hin _ahin |
||
| 082 | _aR635x1,1,1, 152M5 | ||
| 100 |
_aपत×जलि _9160350 |
||
| 245 | 0 | _aपात×जल योागदर्शनम् हिन्दी व्याख्0 रमाशंकर त्रिपाठी | |
| 246 | _aPāta×jal yoāgadarshanam hindī vyākh0 ramāshankar tripāṭhī | ||
| 260 |
_aवाराणसी _bकृष्णदास अकादमी _c1985 |
||
| 300 |
_a510पृ0 _ccm. |
||
| 650 | _aभारतीय दर्शन | ||
| 942 |
_hR635x1,1,1, 152M5 _cTEXL _2cc |
||
| 999 |
_c1023170 _d1023170 |
||